000 01135nac a22003257a 4500
001 BR8305825
003 BR-BrBNA
005 20240105115902.0
008 230509b bl.|||m| |||| 00| 0 por d
040 _aBR-BrBNA
_bpor
_cBiblioteca Nacional de Agricultura
072 _aF03
090 _aF03 BR8305825
110 1 _aSecretaria Nacional de Producao Agropecuaria, Brasilia, DF (Brasil). Secretaria de Producao Vegetal. Coordenadoria de Sementes e Mudas
_99240
245 1 _aRelatorio anual 1982 [Coordenadoria de Sementes e Mudas, Distrito Federal, Brasil]
260 3 _aBrasilia, DF (Brasil):
_c[nd].
300 _a25 p.
490 _aRelatorio - Secretaria Nacional de Producao Agropecuaria. Secretaria de Producao Vegetal. Coordenadoria de Sementes e Mudas (Brazil)
_v
_x
500 _aPublished after 1982; 9 graphs
650 _aSEMENTE
650 _aALGODAO HERBACEO
650 _aARROZ
650 _aALGODAO ARBOREO
650 _aFEIJAO
650 _aMILHO
650 _aSOJA
650 _aTRIGO
650 _aDISTRITO FEDERAL
909 _a202312
_bLúcia Elande
_c55
_dLúcia Elande
942 _2AGRIS
_n0
_cMS
999 _c276897
_d276897